Štatistika v súvislostiach hlavné trendy populačného vývoja v SR v roku 2017

Salvato in:
Dettagli Bibliografici
Natura: Libro
Lingua:slovacco
Pubblicazione: Bratislava Štatistický úrad Slovenskej republiky 2018
Serie:Demografia a sociálna štatistika 2018
Soggetti:
Tags: Aggiungi Tag
Nessun Tag, puoi essere il primo ad aggiungerne!!

MARC

LEADER 00000nlm$a2200000$$$4500
001 0245598
005 20251126112837.6
020 |a 978-80-8121-670-1 
020 |a 978-80-8121-678-7 
041 0 |a slo 
044 |a SK 
245 1 0 |a Štatistika v súvislostiach  |b hlavné trendy populačného vývoja v SR v roku 2017 
264 1 |a Bratislava  |b Štatistický úrad Slovenskej republiky  |c 2018 
300 |a 125 s. 
490 1 |a Demografia a sociálna štatistika  |v 2018 
830 0 |a Demografia a sociálna štatistika  |v 2018 
500 |a Zdroj dokumentu: Štatistický úrad SR 
610 2 0 |a Slovensko 
610 2 0 |a pôrodnosť 
610 2 0 |a úmrtnosť 
610 2 0 |a migrácia 
610 2 0 |a štruktúra obyvateľstva 
610 2 0 |a vek 
610 2 0 |a národnosti